书目信息 |
| 题名: |
创造敦煌
|
|
| 作者: | 樊锦诗 主编 ;孙毅华 著 | |
| 分册: | ||
| 出版信息: | 上海 上海人民出版社 2007 |
|
| 页数: | 191页 | |
| 开本: | 24cm | |
| 丛书名: | 解读敦煌系列 | |
| 单 册: | ||
| 中图分类: | K879.214 | |
| 科图分类: | ||
| 主题词: | 敦煌石窟--dun huang shi ku--美术考古 | |
| 电子资源: | ||
| ISBN: | 978-7-208-07086-8 | |
| 000 | 00887nam 2200253 450 | |
| 001 | 003582038 | |
| 005 | 20081008114447.15 | |
| 010 | @a978-7-208-07086-8@dCNY50.00 | |
| 100 | @a20071008d2007 em y0chiy0110 ea | |
| 101 | 0 | @achi |
| 102 | @aCN@b310000 | |
| 105 | @aa z 000yy | |
| 200 | 1 | @a创造敦煌@Achuang zao dun huang@f樊锦诗主编@g孙毅华[著] |
| 210 | @a上海@c上海人民出版社@d2007 | |
| 215 | @a191页@c彩图@d24cm | |
| 225 | 2 | @a解读敦煌系列@Ajie dU dun huang xi lie@h第一辑 |
| 330 | @a本书介绍了敦煌石窟的建筑、壁画、彩塑等艺术,内容包括:沙漠绿洲中的石窟寺、智慧与创造、宏伟与精巧、昔日的辉煌、空间与造型等。 | |
| 410 | 0 | @12001 @a解读敦煌系列@h第一辑 |
| 606 | 0 | @a敦煌石窟@Adun huang shi ku@x美术考古 |
| 690 | @aK879.214@v4 | |
| 701 | 0 | @a樊锦诗@Afan jin shi,@f1938- @4主编 |
| 702 | 0 | @a孙毅华@Asun yi hua,@f1954- @4著 |
| 801 | 0 | @aCN@c20081008 |
| 905 | @dK879.214@eF060 | |
| 创造敦煌/樊锦诗主编/孙毅华[著].-上海:上海人民出版社,2007 |
| 191页:彩图;24cm.-(解读敦煌系列.第一辑) |
| ISBN 978-7-208-07086-8:CNY50.00 |
| 本书介绍了敦煌石窟的建筑、壁画、彩塑等艺术,内容包括:沙漠绿洲中的石窟寺、智慧与创造、宏伟与精巧、昔日的辉煌、空间与造型等。 |
| ● |
| 相关链接 |
|
|
|
正题名:创造敦煌
索取号:K879.214/F060
 
预约/预借
| 序号 | 登录号 | 条形码 | 馆藏地/架位号 | 状态 | 备注 |
| 1 | 841127 | 208411271 | 社科库309/309社科库 9排3列5层/ [索取号:K879.214/F060] | 在馆 | |
| 2 | 841128 | 208411280 | 社科库309/309社科库 9排3列5层/ [索取号:K879.214/F060] | 在馆 | |
| 3 | 841129 | 208411299 | 社科库309/309社科库 9排3列5层/ [索取号:K879.214/F060] | 在馆 |